| 000 | 00373 a2200109 4500 | ||
|---|---|---|---|
| 001 | ART_34710 | ||
| 005 | 20260410161852.0 | ||
| 008 | 260409a | ||
| 245 | 1 | 0 | _aLa reforma procesal penal como política pública |
| 100 | 1 | _aErbetta, Daniel Aníbal | |
| 773 | 0 |
_tDerecho Penal _gCódigo procesal penal de la Nación - Año IV, Nº 10 (oct. 2015) _wREV10351 |
|
| 999 |
_c25076 _d25076 |
||